000 01869nam a22002177a 4500
005 20251206125857.0
008 220912b ||||| |||| 00| 0 eng d
020 _a9788125042495
040 _cAL
041 _aeng
082 _a822.912
_bSHAP
100 _aBernard Shaw
_9248159
245 _aPygmalion : a romance in five acts
260 _aHyderabad
_bOrient Blackswan
_c2022
300 _axviiii,148p
_bPB
_c21x14cm
365 _2English
_a3496
_b144.00
_c
_d185.00
_e
_f09-08-2022
520 _aPygmalion is another notable play by one of the greatest dramatists of English literature, Bernard Shaw. Pygmalion belongs to the AC Ward series from Orient BlackSwan. They are plays of ideas. Shaw’s plays mark a milestone in the history of British drama as they show a movement away from romanticism to realism. They are marked by a peculiarly pungent and witty satire that invoked both admiration and disdain. They not only provoked readers to think but also helped them notice the humour and irony of situations that were ordinarily taken for granted and to delve below the surfaces of refinement to examine some of the pleasant and unpleasant truths of human existence. Pygmalion is about the effort made by a professor of phonetics to educate and refine a cockney girl who has a deplorably cockney accent and how it all rebounds in an interesting way. However, the end of the play is a return to reality as Eliza needs to return to her ordinary day-to-day life after a tryst with refinement. It provokes readers to think about the irony of the situation. This series has been now enhanced and enriched with additional student-friendly features such as analyses of themes and characterisation, act-wise summaries and questions and also a select reading list.
650 _aEnglish Drama
_957166
650 _aEnglish Criticism
_957167
942 _2ddc
_cBK
999 _c224578
_d224578